Geologic interpretation of gravity and aeromagnetic maps of Tintic Valley and adjacent areas, Tooele and Juab Counties, Utah /

Bibliographic Details
Main Authors: Mabey, Don R., 1927-2015, Morris, H. T. (Hal Tryon), 1920- (Author)
Format: Government Document Book
Language:English
Published: Washington : U.S. Govt. Print. Off, 1967.
Series:Geophysical field investigations.
Geological Survey professional paper ; 516-D.
Subjects:

MARC

Tag First Indicator Second Indicator Subfields
LEADER 00000cam a2200000 4500
001 in00002783613
005 20200404063142.0
008 700423s1967 dcub b 000 0 eng
010 |a  76604976  
035 |a (OCoLC)ocm00068320 
035 |a (OCoLC)68320 
040 |a DLC  |c DLC  |d IAS  |d OCLCQ  |d BTCTA  |d OCLCG  |d UtOrBLW 
043 |a n-us-ut 
049 |a TXAM 
050 0 0 |a QE75  |b .P9 no. 516-D 
082 0 0 |a 550/.8 s 
086 0 |a I 19.16:516-D 
100 1 |a Mabey, Don R.,  |d 1927-2015. 
245 1 0 |a Geologic interpretation of gravity and aeromagnetic maps of Tintic Valley and adjacent areas, Tooele and Juab Counties, Utah /  |c by D.R. Mabey and H.T. Morris. 
264 1 |a Washington :  |b U.S. Govt. Print. Off,  |c 1967. 
300 |a iii, 10 pages :  |b maps (1 folded in pocket) ;  |c 29 cm. 
336 |a text  |b txt  |2 rdacontent 
337 |a unmediated  |b n  |2 rdamedia 
338 |a volume  |b nc  |2 rdacarrier 
490 1 |a Geophysical field investigations 
490 1 |a Geological Survey professional paper 516-D 
504 |a Bibliography: pages 9-10. 
650 0 |a Geology  |z Utah  |z Tooele County. 
650 0 |a Geology  |z Utah  |z Juab County. 
650 0 |a Geophysics  |z Utah  |z Tooele County. 
650 0 |a Geophysics  |z Utah  |z Juab County. 
700 1 |a Morris, H. T.  |q (Hal Tryon),  |d 1920-  |e author. 
830 0 |a Geophysical field investigations. 
830 0 |a Geological Survey professional paper ;  |v 516-D. 
948 |a cataloged  |b h  |c 2012/12/13  |d c  |e mvaldespin  |f 09:19:35 am 
994 |a C0  |b TXA 
999 |a MARS 
999 f f |s ac59ab25-82aa-3f93-a292-6665f7ccb545  |i 3ef8affb-769f-341f-b72b-78d1c46d879d  |t 0 
952 f f |p normal  |a Texas A&M University  |b College Station  |c Sterling C. Evans Library  |d Evans: US Documents (Annex 5th floor)  |t 0  |e I 19.16:516-A-F  |h Superintendent of Documents classification  |i unmediated -- volume  |m A14839365109 
952 f f |a Texas A&M University  |b College Station  |c Sterling C. Evans Library  |d Evans: US Documents (Annex 5th floor)  |t 0  |e I 19.16:516-A-F  |h Superintendent of Documents classification 
998 f f |a I 19.16:516-A-F  |t 0  |l Evans: US Documents (Annex 5th floor)